000 00512nam a2200169Ia 4500
008 090201s9999 xx 000 0 und d
010 _aKPL-64132
040 _bमराठी
041 _aमराठी
082 _a175
_b64132
100 _aशुभा चिठणीस
245 _aयशस्विनी
_cशुभा चिठणीस
260 _c2004
_bपरचुरे प्रकाशन मंदिर
300 _a272
600 _aयशस्विनी
942 _cBOOK
999 _c201327
_d201327